| 000 | 00650nam a2200265Ia 4500 | ||
|---|---|---|---|
| 005 | 20260306164057.0 | ||
| 008 | 008 260114s9999 xx 000 0 eng d | ||
| 020 | _a9781526155481 | ||
| 037 | _aEBOOK | ||
| 040 | _aCRL | ||
| 040 | _beng | ||
| 040 | _cCRL | ||
| 041 | _2eng | ||
| 041 | _aeng | ||
| 084 | _qCRL | ||
| 100 |
_aWills, Lake _91129951 |
||
| 245 | 4 | _aThe Power Of Pragmatism: Knowledge Production And Social Inquiry | |
| 260 | _bManchester University Press | ||
| 260 | _c2021 | ||
| 650 | _aPhilosophy | ||
| 856 | _uhttps://academic.oup.com/book/43134 | ||
| 942 | _cEBOOK | ||
| 999 |
_c1712658 _d1712658 |
||